| 000 | 00505nam a22001931a 4500 | ||
|---|---|---|---|
| 001 | 3235 | ||
| 003 | OSt | ||
| 005 | 20260204211843.0 | ||
| 008 | 040726s1987||||dr ||||||b||||||||||spa|| | ||
| 050 | _aRD 780 J564e | ||
| 082 | _aRD 780 J564e | ||
| 100 | _aJímenez, Blas R. | ||
| 245 | _aExigencias de un Cimarrón (en sueños) / Blas R. Jímenez | ||
| 264 | _aSanto Domingo : Taller | ||
| 300 | _a113 p | ||
| 490 | _aColección Cimarrónes No. 2 | ||
| 650 | _a1.Versos para MúsicaÌ | ||
| 942 |
_2ddc _cBK |
||
| 999 |
_c3235 _d3235 |
||